| 000 | 01052nam0a22002531 4500 | ||
|---|---|---|---|
| 001 | rc\642876 | ||
| 005 | 20250621194330.0 | ||
| 035 | _a(NLR Aleph) 005883998 | ||
| 090 |
_a6107722 _c6107722 |
||
| 100 | _a20031121d1986 |||y0rusy50 ca | ||
| 101 | 0 | _arus | |
| 102 | _aRU | ||
| 105 | _aa ||||||||| | ||
| 200 | 1 |
_aВведение в специальность горного инженера-строителя _eУчеб. пособие для студентов спец. 0206 "Стр-во подзем. сооружений и шахт" _fМ-во высш. и сред. спец. образования СССР, Моск. горн. ин-т |
|
| 210 |
_aМ. _cМГИ _d1986 |
||
| 215 |
_a85 с., [3] л. ил., план. _d21 |
||
| 320 | _aБиблиогр.: с. 84 | ||
| 700 | 1 |
_aПопов _bВ. Л. _cд-р техн. наук, горное дело _gВалерий Львович _9243205 _3RU\NLR\AUTH\770243261 |
|
| 801 | 0 |
_aRU _bNLR _gpsbo |
|
| 801 | 1 |
_aRU _bELAR _2rusmarc |
|
| 852 |
_aNLR _j88-6/2203 |
||
| 942 | _cBOOK | ||
| 980 | _aNB | ||